00240nam a2200097Ia 4500008004000000082001700040100002300057245001100080260004300091300000800134210210b1969 xxu||||| |||| 00| 0 eng d a824.914 BRAS aBRADDON (Russell). aSiege. aLondonbGranada Publishing Ltd.,c1969 a366